000 00676nam a2200205Ii 4500
003 JO-AjNU
008 230605s9999||||xx |||||||||||||| ||und||
017 _a86/4578
040 _aJO-AjNU
_bara
_erda
_cJO-AjNU
041 _aara
050 1 4 _aPJ6170.M8364 1986
100 3 _aتاليف حسن، محمد عبد الغني,
_eauthor
_945336
245 0 0 _aفن الترجمة في الأدب العربي
264 3 1 _aالقاهرة: دار ومطابع المستقبل، 1986
300 _a275ص
336 _atext
_btxt
_2rdacontent
337 _aunmediated
_bn
_2rdamedia
338 _avolume
_bnc
_2rdacarrier
650 4 _aاللغة العربية-ترجمة
_945337
999 _aA19644
_c23212
_d23212